[Event "Forcing Moves First Summer-2 op"]
[Site "Mississauga CAN"]
[Date "2023.08.26"]
[Round "3.6"]
[White "Modith, Aaroh Mutyalapati"]
[Black "Kahan, Desai"]
[Result "0-1"]
[WhiteElo "1517"]
[BlackElo "1723"]
[PlyCount "118"]
[EventDate "2023.08.26"]
[EventType "swiss"]
[EventRounds "5"]
[EventCountry "CAN"]

1. e4 e5 2. Nf3 Nf6 3. Nc3 Bb4 4. Bc4 O-O 5. O-O d6 6. d3 h6 7. h3 c6 8. Bb3 a5
9. a4 Be6 10. Bxe6 fxe6 11. Na2 Nbd7 12. c3 Bc5 13. b4 Bb6 14. Qb3 d5 15. Re1
Nh5 16. Be3 Rxf3 17. gxf3 Qh4 18. Kf1 Nf4 19. Red1 Qxh3+ 20. Ke1 Qxf3 21. Kd2
Qe2+ 22. Kc1 Nxd3+ 23. Kb1 Bxe3 24. fxe3 Nb6 25. Qc2 Qxc2+ 26. Kxc2 Nf2 27.
exd5 Nxd1 28. dxc6 Nxe3+ 29. Kd3 Ned5 30. cxb7 Rb8 31. bxa5 Nxa4 32. Nb4 Nc5+
33. Kc4 Nxb7 34. Nxd5 Rc8+ 35. Kb4 exd5 36. a6 Rc4+ 37. Ka3 Nd6 38. Rb1 Rxc3+
39. Ka4 Rc2 40. Rb3 Ra2+ 41. Ra3 Rxa3+ 42. Kxa3 e4 43. Kb4 Nc8 44. Kc3 e3 45.
Kd3 d4 46. Ke2 h5 47. Kd3 h4 48. Ke2 h3 49. Kd3 h2 50. a7 h1=Q 51. a8=R Qd1+
52. Ke4 e2 53. Rxc8+ Kh7 54. Kf5 Qf1+ 55. Kg5 Qf6+ 56. Kg4 e1=Q 57. Rh8+ Kxh8
58. Kh3 Qf3+ 59. Kh2 Qfg3# 0-1

[Event "Forcing Moves First Summer-2 op"]
[Site "Mississauga CAN"]
[Date "2023.08.26"]
[Round "3.7"]
[White "Engel, Ethan"]
[Black "Verde, Pino"]
[Result "1-0"]
[WhiteElo "1696"]
[BlackElo "1487"]
[PlyCount "55"]
[EventDate "2023.08.26"]
[EventType "swiss"]
[EventRounds "5"]
[EventCountry "CAN"]

1. d4 g6 2. c4 d6 3. Nc3 c6 4. e4 Bg7 5. Be2 Nd7 6. Nf3 e5 7. O-O Ne7 8. Be3
Nf8 9. Qc2 Qc7 10. h3 f5 11. dxe5 dxe5 12. Rad1 f4 13. Bc5 Bd7 14. Bd6 Qc8 15.
Bxe5 Bxe5 16. Nxe5 Be6 17. Bg4 h5 18. Bxe6 Qxe6 19. Nd3 f3 20. Nf4 Qf6 21. g3
g5 22. e5 Qg7 23. Ne4 Nf5 24. Nf6+ Ke7 25. Qxf5 gxf4 26. Qxf4 h4 27. g4 Rh6 28.
Qxh6 1-0

[Event "Forcing Moves First Summer-2 op"]
[Site "Mississauga CAN"]
[Date "2023.08.26"]
[Round "3.8"]
[White "Tan, Brendan"]
[Black "Suresh, Pavan"]
[Result "1/2-1/2"]
[WhiteElo "1694"]
[BlackElo "1486"]
[PlyCount "143"]
[EventDate "2023.08.26"]
[EventType "swiss"]
[EventRounds "5"]
[EventCountry "CAN"]

1. e4 c5 2. Nc3 d6 3. g3 Nc6 4. Bg2 Nf6 5. Nge2 g6 6. O-O Bg7 7. d3 O-O 8. Be3
Rb8 9. h3 b5 10. Qd2 b4 11. Nd1 Bd7 12. Bh6 Qc7 13. Bxg7 Kxg7 14. g4 h6 15. f4
Na5 16. b3 e6 17. f5 exf5 18. Ne3 Bc6 19. g5 hxg5 20. Nxf5+ Kh8 21. Qxg5 Nh7
22. Qe7 Qxe7 23. Nxe7 Rbe8 24. Nxc6 Nxc6 25. h4 Kg7 26. Bh3 Re5 27. Bd7 Ne7 28.
a3 Nf6 29. Bb5 a5 30. axb4 cxb4 31. Nd4 Rh8 32. Rxa5 Rxh4 33. Nf3 Rg4+ 34. Kf2
Rc5 35. Nd4 Rf4+ 36. Ke2 Rxf1 37. Kxf1 Ng4 38. Ke2 Ne5 39. Ra6 d5 40. Ra7 Kf8
41. Kd1 dxe4 42. dxe4 g5 43. Ra6 g4 44. Bf1 N7g6 45. Nf5 Rc8 46. Be2 Rd8+ 47.
Ke1 Ne7 48. Ng3 N7c6 49. Nf5 Nd4 50. Rh6 Nxf5 51. exf5 Kg7 52. Rb6 Rd4 53. Kf2
Rf4+ 54. Kg3 Rxf5 55. Rxb4 Ng6 56. Rxg4 Re5 57. Bd3 Kf6 58. b4 Re3+ 59. Kf2 Re7
60. b5 Ne5 61. Rf4+ Ke6 62. Bf5+ Kd5 63. Rb4 Kc5 64. Rb3 Rb7 65. Ke3 Rxb5 66.
Rc3+ Kd6 67. Kf4 Ng6+ 68. Kg5 Ne7 69. Rd3+ Kc6 70. Rf3 Rxf5+ 71. Rxf5 Nxf5 72.
Kxf5 1/2-1/2

[Event "Forcing Moves First Summer-2 op"]
[Site "Mississauga CAN"]
[Date "2023.08.26"]
[Round "3.9"]
[White "Dhingra, Tanishq Kumar"]
[Black "Leliveld, Andrew"]
[Result "0-1"]
[WhiteElo "1506"]
[BlackElo "1658"]
[PlyCount "134"]
[EventDate "2023.08.26"]
[EventType "swiss"]
[EventRounds "5"]
[EventCountry "CAN"]

1. Nf3 d5 2. g3 c5 3. Bg2 Nf6 4. d3 Nc6 5. Nbd2 Bf5 6. O-O Qd7 7. Re1 e5 8. e4
dxe4 9. dxe4 Bg4 10. c3 Be7 11. Qc2 h6 12. Nc4 Qc7 13. Ne3 Rd8 14. Nh4 g6 15.
Nxg4 Nxg4 16. Nf3 h5 17. h3 Nf6 18. Bg5 O-O 19. Nh2 c4 20. f4 Rd3 21. fxe5 Nxe5
22. Bf4 Rfd8 23. Kh1 Qc5 24. Re2 Kg7 25. Rae1 a6 26. Rf2 Nh7 27. Ref1 f6 28. b4
cxb3 29. Qxb3 R8d7 30. Rc2 Nf8 31. Qb2 Nc4 32. Qb4 Qc8 33. Qb3 g5 34. Bc1 Rxg3
35. Nf3 Kg6 36. a4 Bd6 37. Re2 Qc5 38. Ree1 Re7 39. Re2 b5 40. axb5 axb5 41.
Qc2 Kg7 42. Nd4 Qe5 43. Nf5+ Kf7 44. Nxg3 Qxg3 45. Bf3 Qxh3+ 46. Kg1 Bc5+ 47.
Ref2 Qxf3 48. Kh2 Bxf2 49. Rxf2 Qxe4 50. Qxe4 Rxe4 51. Bxg5 Nd7 52. Bc1 Nce5
53. Rb2 Nd3 54. Rd2 Nxc1 55. Rxd7+ Ke6 56. Rb7 Re5 57. Rb6+ Kf5 58. Rb8 Ne2 59.
Rh8 Kg5 60. Rg8+ Kh4 61. Rc8 Rf5 62. Kg2 Kg4 63. Rg8+ Kf4 64. Rc8 Ke3 65. c4
Rf2+ 66. Kh1 Ng3+ 67. Kg1 Kf3 0-1

[Event "Forcing Moves First Summer-2 op"]
[Site "Mississauga CAN"]
[Date "2023.08.26"]
[Round "3.10"]
[White "Liu, Zeyu"]
[Black "Deshpande, Sarthak"]
[Result "1-0"]
[WhiteElo "1495"]
[BlackElo "1788"]
[PlyCount "73"]
[EventDate "2023.08.26"]
[EventType "swiss"]
[EventRounds "5"]
[EventCountry "CAN"]

1. d4 d5 2. Nc3 Nf6 3. Bf4 c6 4. e3 Bf5 5. Nf3 e6 6. Ne5 Nbd7 7. g4 Be4 8. f3
Bg6 9. h4 h5 10. Nxg6 fxg6 11. Bd3 Kf7 12. Qe2 Bb4 13. Qg2 Nf8 14. Kd2 c5 15.
Rag1 c4 16. Bxg6+ Ke7 17. gxh5 Rg8 18. Bg5 Qa5 19. e4 Nxg6 20. Bxf6+ gxf6 21.
hxg6 Qxa2 22. Rb1 e5 23. dxe5 d4 24. exf6+ Kf8 25. h5 dxc3+ 26. bxc3 Rd8+ 27.
Ke3 Rd3+ 28. Kf4 Bd6+ 29. Kg4 Rxc3 30. Qd2 Rd3 31. Qh6+ Ke8 32. f7+ Kd7 33.
fxg8=Q Qxc2 34. Qhg7+ Be7 35. Rxb7+ Kc6 36. Qc8+ Kd6 37. Qxe7# 1-0

[Event "Forcing Moves First Summer-2 op"]
[Site "Mississauga CAN"]
[Date "2023.08.26"]
[Round "3.13"]
[White "Cheng, Adam"]
[Black "Zheng, Chen Ji"]
[Result "1/2-1/2"]
[WhiteElo "1526"]
[BlackElo "1926"]
[PlyCount "96"]
[EventDate "2023.08.26"]
[EventType "swiss"]
[EventRounds "5"]
[EventCountry "CAN"]

1. e4 c5 2. Nf3 Nc6 3. d4 cxd4 4. Nxd4 g6 5. c4 Bg7 6. Be3 Nf6 7. Nc3 O-O 8.
Be2 d6 9. f3 Bd7 10. O-O Rc8 11. Qd2 a5 12. b3 Nxd4 13. Bxd4 Bc6 14. Rac1 e6
15. Rfd1 Qe7 16. Bb6 d5 17. cxd5 exd5 18. exd5 Nxd5 19. Nxd5 Bxd5 20. Bxa5 Rxc1
21. Rxc1 Qe6 22. Bc4 Bxc4 23. Rxc4 Rc8 24. Rxc8+ Qxc8 25. Qd8+ Qxd8 26. Bxd8
Kf8 27. Kf2 Ke8 28. Bb6 Kd7 29. Ke3 Kc6 30. Bd4 Bh6+ 31. Kd3 Kd5 32. g4 Bf4 33.
h3 h5 34. a4 hxg4 35. fxg4 Bg3 36. b4 f5 37. gxf5 gxf5 38. Bf6 Be1 39. Be7 Ke6
40. Bf8 Kd5 41. Ke2 Bh4 42. Kf3 Bg5 43. Bc5 Kc4 44. Kg3 b6 45. Be7 Kb3 46. h4
Bd2 47. h5 Kxa4 48. Kf3 Bh6 1/2-1/2

[Event "Forcing Moves First Summer-2 op"]
[Site "Mississauga CAN"]
[Date "2023.08.27"]
[Round "4.1"]
[White "Lakhani, Riyaan"]
[Black "Ruchinskaya, Valerie"]
[Result "0-1"]
[WhiteElo "1877"]
[BlackElo "2167"]
[PlyCount "91"]
[EventDate "2023.08.26"]
[EventType "swiss"]
[EventRounds "5"]
[EventCountry "CAN"]

1. d4 d5 2. c4 c6 3. Nf3 Nf6 4. e3 Bf5 5. Nc3 e6 6. Nh4 Bg6 7. Nxg6 hxg6 8. Bd2
Bd6 9. g3 Nbd7 10. Qb3 Rb8 11. Bg2 O-O 12. O-O Re8 13. Rfe1 dxc4 14. Qxc4 e5
15. d5 Nb6 16. Qb3 cxd5 17. Nxd5 Nbxd5 18. Bxd5 Nxd5 19. Qxd5 e4 20. Bc3 Be5
21. Qb3 Bxc3 22. Qxc3 Rc8 23. Qb3 Qb6 24. Rec1 Qxb3 25. axb3 a6 26. Kf1 Kf8 27.
Ke2 Ke7 28. h4 Ke6 29. Rc4 Rxc4 30. bxc4 Rc8 31. b3 Rd8 32. Rd1 Rxd1 33. Kxd1
Kd6 34. Kc2 Kc5 35. Kc3 a5 36. Kc2 Kb4 37. Kb2 f5 38. Kc2 a4 39. bxa4 Kxc4 40.
a5 Kb4 41. g4 Kxa5 42. gxf5 gxf5 43. Kc3 b5 44. Kd4 b4 45. Ke5 b3 46. Kxf5 0-1

[Event "Forcing Moves First Summer-2 op"]
[Site "Mississauga CAN"]
[Date "2023.08.27"]
[Round "4.2"]
[White "Aman, Sharma"]
[Black "Kim, Noah"]
[Result "1/2-1/2"]
[WhiteElo "1850"]
[BlackElo "2103"]
[PlyCount "68"]
[EventDate "2023.08.26"]
[EventType "swiss"]
[EventRounds "5"]
[EventCountry "CAN"]

1. e4 c6 2. d4 d5 3. Nc3 dxe4 4. Nxe4 Nf6 5. Nxf6+ exf6 6. c3 Bf5 7. Nf3 Bd6 8.
Bd3 Bxd3 9. Qxd3 O-O 10. O-O Re8 11. Bd2 Nd7 12. Rfe1 Qc7 13. h3 Nf8 14. Re2
Ng6 15. Rae1 Red8 16. Qf5 Bf8 17. h4 Rd5 18. Qe4 Ra5 19. a3 Qd7 20. c4 Rh5 21.
g3 Bd6 22. g4 f5 23. Qe8+ Rxe8 24. Rxe8+ Nf8 25. gxh5 f4 26. c5 Qg4+ 27. Kf1
Bxc5 28. dxc5 Qxf3 29. Ba5 Qd3+ 30. Kg1 Qh3 31. Bc7 Qg4+ 32. Kf1 Qh3+ 33. Kg1
Qg4+ 34. Kf1 Qh3+ 1/2-1/2

[Event "Forcing Moves First Summer-2 op"]
[Site "Mississauga CAN"]
[Date "2023.08.27"]
[Round "4.3"]
[White "Nicholson, Devin"]
[Black "Engel, Ethan"]
[Result "1/2-1/2"]
[WhiteElo "1655"]
[BlackElo "1696"]
[PlyCount "90"]
[EventDate "2023.08.26"]
[EventType "swiss"]
[EventRounds "5"]
[EventCountry "CAN"]

1. e4 c6 2. d4 d5 3. e5 Bf5 4. Nf3 e6 5. Be2 c5 6. c3 Nc6 7. O-O Nge7 8. dxc5
Ng6 9. b4 Ncxe5 10. Nxe5 Nxe5 11. f4 Nd7 12. g4 Bxb1 13. Rxb1 Be7 14. Qc2 O-O
15. Be3 Rc8 16. Rf3 e5 17. Rh3 g6 18. fxe5 Nxe5 19. Bh6 Re8 20. Bb5 Nc6 21. Rf1
Bg5 22. Qf2 Rc7 23. Bxg5 Qxg5 24. Rg3 Re4 25. h3 Rce7 26. Qf6 Qxf6 27. Rxf6
R7e6 28. Rf1 d4 29. Bc4 Re7 30. Bd5 Re1 31. Bxc6 bxc6 32. cxd4 R1e2 33. Rf2
Re1+ 34. Kg2 Rd1 35. Rgf3 Rxd4 36. a3 a5 37. Rf6 Rc7 38. Rd6 Rxd6 39. cxd6 Rd7
40. Rd2 axb4 41. axb4 f6 42. b5 cxb5 43. Rb2 Rxd6 44. Rxb5 g5 45. Rb7 Re6
1/2-1/2

[Event "Forcing Moves First Summer-2 op"]
[Site "Mississauga CAN"]
[Date "2023.08.27"]
[Round "4.4"]
[White "Kahan, Desai"]
[Black "Leliveld, Andrew"]
[Result "0-1"]
[WhiteElo "1723"]
[BlackElo "1658"]
[PlyCount "122"]
[EventDate "2023.08.26"]
[EventType "swiss"]
[EventRounds "5"]
[EventCountry "CAN"]

1. e4 c6 2. d3 e5 3. Nf3 Qc7 4. Nc3 Nf6 5. Bg5 Be7 6. Be2 d6 7. Qd2 b5 8. a3
Be6 9. O-O h6 10. Bh4 Nbd7 11. h3 O-O 12. d4 exd4 13. Nxd4 Ne5 14. f4 Nc4 15.
Nxe6 Qb6+ 16. Bf2 Nxd2 17. Bxb6 fxe6 18. Rfd1 Ndxe4 19. Nxe4 Nxe4 20. Be3 d5
21. Bg4 Rf6 22. Re1 Bc5 23. Bxc5 Nxc5 24. Re5 Kf7 25. Rae1 g6 26. g3 Ne4 27.
Re3 a5 28. b3 a4 29. Bf3 axb3 30. Bxe4 b2 31. Rb3 dxe4 32. Rxb2 Rxa3 33. Kg2
Rc3 34. Rxe4 g5 35. fxg5 hxg5 36. Rg4 Rf5 37. Ra2 Kf6 38. h4 Kg6 39. Re4 Kf6
40. Rg4 Rfc5 41. Rxg5 Rxg5 42. hxg5+ Kxg5 43. Kh3 e5 44. Rb2 Rc4 45. Ra2 b4 46.
Rb2 c5 47. Ra2 e4 48. Rb2 Rc3 49. Ra2 e3 50. Kg2 Kg4 51. Rb2 Rc4 52. Ra2 Rd4
53. Kf1 Rd2 54. Rb2 Kxg3 55. Ke1 Kf3 56. Ra2 b3 57. Ra8 bxc2 58. Rf8+ Ke4 59.
Re8+ Kd3 60. Rd8+ Kc3 61. Rxd2 exd2+ 0-1

[Event "Forcing Moves First Summer-2 op"]
[Site "Mississauga CAN"]
[Date "2023.08.27"]
[Round "4.5"]
[White "Trofimov-Malyshkin, Valentyn"]
[Black "Tan, Brendan"]
[Result "1-0"]
[WhiteElo "2006"]
[BlackElo "1694"]
[Annotator ",hugh_brodie@hotmail."]
[PlyCount "76"]
[EventDate "2023.08.26"]
[EventType "swiss"]
[EventRounds "5"]
[EventCountry "CAN"]

1. d4 g6 2. Nf3 Bg7 3. e4 d6 4. h3 c6 5. Nc3 a5 6. a4 Na6 7. Bc4 Nb4 8. Bb3 e6
9. O-O d5 10. Bf4 Nf6 11. e5 Nd7 12. Qd2 h6 13. Ne2 c5 14. Nc3 b6 15. Nb5 Ba6
16. Nd6+ Kf8 17. Rfe1 Ra7 18. Bg3 g5 19. c3 Nd3 20. Re3 h5 21. Nxg5 Qxg5 22.
Rxd3 Bh6 23. Qxg5 Bxg5 24. Rf3 Nb8 25. Bf4 Be7 26. Re1 Nc6 27. Be3 Bxd6 28.
exd6 cxd4 29. Bxd4 Nxd4 30. cxd4 Bc8 31. Rc1 Bd7 32. Rfc3 Kg7 33. Rc7 Rha8 34.
Bd1 h4 35. g3 Kf6 36. gxh4 Kf5 37. Rxa7 Rxa7 38. Rc7 Ra8 {
Unreadable moves. White won on move 56.} 1-0

[Event "Forcing Moves First Summer-2 op"]
[Site "Mississauga CAN"]
[Date "2023.08.27"]
[Round "4.6"]
[White "Wang, Derek"]
[Black "Liu, Zeyu"]
[Result "1-0"]
[WhiteElo "2117"]
[BlackElo "1495"]
[PlyCount "100"]
[EventDate "2023.08.26"]
[EventType "swiss"]
[EventRounds "5"]
[EventCountry "CAN"]

1. Nf3 Nf6 2. d4 c5 3. c4 b5 4. cxb5 a6 5. bxa6 Bxa6 6. g3 cxd4 7. Bg2 Nc6 8.
Nxd4 Nxd4 9. Qxd4 Rc8 10. Nc3 g6 11. O-O Bg7 12. Rd1 O-O 13. Qa4 Bc4 14. e4 d6
15. h3 Qc7 16. Be3 Nd7 17. Qc2 Rfd8 18. Rac1 Bxa2 19. Qa4 Ra8 20. Qb4 Bxc3 21.
bxc3 Bc4 22. e5 Rdb8 23. exd6 exd6 24. Qxd6 Qxd6 25. Rxd6 Be6 26. Bxa8 Rxa8 27.
c4 Bxh3 28. c5 Ne5 29. Kh2 Bd7 30. Bd4 Nf3+ 31. Kg2 Nxd4 32. Rxd7 Nc6 33. Rd6
Rc8 34. Kf3 f5 35. Kf4 Kg7 36. Rd7+ Kg8 37. Rh1 h5 38. Kg5 Ne5 39. Rd5 Re8 40.
f4 Nc6 41. Rd6 Ne7 42. Kf6 Kf8 43. c6 Nc8 44. Rd7 Ne7 45. c7 Ng8+ 46. Kxg6 Re6+
47. Kxf5 Rf6+ 48. Kg5 Rc6 49. Rd8+ Kf7 50. c8=Q Rg6+ 1-0

[Event "Forcing Moves First Summer-2 op"]
[Site "Mississauga CAN"]
[Date "2023.08.27"]
[Round "4.7"]
[White "Kola, Venkat Karthikeya"]
[Black "Suresh, Pavan"]
[Result "1/2-1/2"]
[WhiteElo "1737"]
[BlackElo "1486"]
[PlyCount "119"]
[EventDate "2023.08.26"]
[EventType "swiss"]
[EventRounds "5"]
[EventCountry "CAN"]

1. e4 c5 2. d4 cxd4 3. c3 dxc3 4. Nxc3 d6 5. Bc4 Nc6 6. Nf3 Nf6 7. h3 a6 8. O-O
e6 9. a4 Be7 10. Be3 O-O 11. Bb3 Qa5 12. Nd4 Qh5 13. Qxh5 Nxh5 14. g4 Nf6 15.
f4 h6 16. Rad1 Bd7 17. g5 hxg5 18. fxg5 Nxd4 19. gxf6 Nxb3 20. fxe7 Rfe8 21.
Rxd6 Bc6 22. Rfd1 Rxe7 23. Bb6 Rc8 24. a5 Bb5 25. Nxb5 axb5 26. Rd7 Rxd7 27.
Rxd7 Rc1+ 28. Kg2 Rc2+ 29. Kg3 Rxb2 30. Rxb7 Ra2 31. Kf4 Ra4 32. Ra7 Nd2 33. a6
e5+ 34. Kf5 b4 35. Ra8+ Kh7 36. Be3 Nc4 37. Bc1 b3 38. a7 b2 39. Bxb2 Nxb2 40.
Rb8 Rxa7 41. Rxb2 f6 42. Rb3 Ra2 43. Re3 Rf2+ 44. Ke6 Kh6 45. Kf7 g5 46. Rc3
Rf4 47. Rc8 Kh7 48. Rc6 Rxe4 49. Kxf6 g4 50. hxg4 Rxg4 51. Kxe5 Rg3 52. Rc7+
Rg7 53. Rc4 Rg5+ 54. Kf6 Rg6+ 55. Kf5 Rg7 56. Rh4+ Kg8 57. Ke6 Rg6+ 58. Kf5 Kf7
59. Rh7+ Rg7 60. Rh6 1/2-1/2

[Event "Forcing Moves First Summer-2 op"]
[Site "Mississauga CAN"]
[Date "2023.08.27"]
[Round "4.8"]
[White "Guliyev, Nadir"]
[Black "Tenkov, Arkadii"]
[Result "1/2-1/2"]
[WhiteElo "1494"]
[BlackElo "1746"]
[PlyCount "75"]
[EventDate "2023.08.26"]
[EventType "swiss"]
[EventRounds "5"]
[EventCountry "CAN"]

1. d4 Nf6 2. Nf3 e6 3. c4 b6 4. Nc3 Bb4 5. e3 Ne4 6. Qc2 Bb7 7. Bd3 Bxc3+ 8.
bxc3 f5 9. O-O O-O 10. Nd2 Nxd2 11. Bxd2 d6 12. e4 f4 13. e5 h6 14. exd6 Qxd6
15. Rfe1 Nd7 16. Be4 Bxe4 17. Qxe4 Rae8 18. g3 e5 19. gxf4 exf4 20. Qf3 Ne5 21.
Rxe5 Rxe5 22. dxe5 Qxd2 23. Qd5+ Qxd5 24. cxd5 Rd8 25. c4 b5 26. Rc1 bxc4 27.
Rxc4 Rxd5 28. Rxc7 f3 29. h4 Rxe5 30. Rxa7 Re4 31. Ra3 Rg4+ 32. Kf1 Rxh4 33.
Rxf3 Rh1+ 34. Kg2 Ra1 35. a3 g5 36. Rc3 Kg7 37. Kg3 Ra2 38. f4 1/2-1/2

[Event "Forcing Moves First Summer-2 op"]
[Site "Mississauga CAN"]
[Date "2023.08.27"]
[Round "4.9"]
[White "Banger, Sarataj"]
[Black "Dhingra, Tanishq Kumar"]
[Result "1/2-1/2"]
[WhiteElo "1578"]
[BlackElo "1506"]
[PlyCount "85"]
[EventDate "2023.08.26"]
[EventType "swiss"]
[EventRounds "5"]
[EventCountry "CAN"]

1. e4 e5 2. Nf3 Nf6 3. Nxe5 d6 4. Nf3 Nxe4 5. d4 d5 6. Bd3 Bf5 7. O-O Be7 8.
Re1 O-O 9. c4 c6 10. Nc3 Nxc3 11. bxc3 Bg4 12. h3 Bh5 13. Rb1 b6 14. Qe2 Bf6
15. Bf4 Nd7 16. cxd5 cxd5 17. Qc2 Bxf3 18. gxf3 g6 19. Kg2 Bg7 20. Rh1 Nf6 21.
Qd2 Rc8 22. h4 Nh5 23. Bg5 Qd6 24. Rhe1 f6 25. Be3 Rfe8 26. Rec1 Re7 27. c4
Rec7 28. cxd5 Qxd5 29. Rxc7 Rxc7 30. Rc1 Qd6 31. Rxc7 Qxc7 32. f4 f5 33. Be2
Nf6 34. Bf3 Kf7 35. Qb2 Qd6 36. Qb3+ Ke7 37. Bd2 Qxd4 38. Bb4+ Kd8 39. Bc3 Qd7
40. Qc4 Ne8 41. Bb4 Qd4 42. Qb3 a5 43. Ba3 1/2-1/2

[Event "Forcing Moves First Summer-2 op"]
[Site "Mississauga CAN"]
[Date "2023.08.27"]
[Round "4.10"]
[White "Verde, Pino"]
[Black "Fu, Odyssey"]
[Result "1-0"]
[WhiteElo "1487"]
[BlackElo "1577"]
[PlyCount "152"]
[EventDate "2023.08.26"]
[EventType "swiss"]
[EventRounds "5"]
[EventCountry "CAN"]

1. Nf3 d5 2. g3 c5 3. Bg2 Nc6 4. d3 Nf6 5. O-O e6 6. Nbd2 Bd6 7. Re1 O-O 8. e4
Qc7 9. b3 d4 10. Nc4 e5 11. Bg5 Be7 12. h4 Bg4 13. Qc1 b5 14. Ncd2 h6 15. Bxf6
Bxf6 16. Nh2 Be6 17. Ndf3 Qd7 18. Rf1 Rac8 19. Nd2 Qd6 20. a4 a6 21. axb5 axb5
22. Ra6 Qd7 23. Ra1 Qc7 24. Qd1 Nb4 25. Bf3 Qd7 26. Ng4 Kh8 27. Be2 Qc7 28.
Nxf6 gxf6 29. Qc1 Kh7 30. c3 Nc6 31. c4 b4 32. Nf3 Rg8 33. Nh2 Bh3 34. Re1 f5
35. Qd1 Rg7 36. Kh1 Rcg8 37. Rg1 fxe4 38. dxe4 f5 39. Bf3 Bg4 40. Nxg4 fxg4 41.
Be2 h5 42. Qd3 Qf7 43. Raf1 Qe6 44. Kh2 Rf8 45. f3 Rgf7 46. fxg4 hxg4 47. Rxf7+
Rxf7 48. Kg2 Kh6 49. Qd2+ Kh7 50. Qd1 Rg7 51. Rf1 Ne7 52. Rf2 Ng6 53. Qf1 Qe7
54. Qh1 Qb7 55. Bd3 Qc7 56. Rf5 Qa7 57. Qf1 Qe7 58. Rh5+ Kg8 59. Qf5 Qe8 60.
Rg5 Ne7 61. Rxg7+ Kxg7 62. Qxg4+ Kf6 63. Qg5+ Ke6 64. Be2 Qf8 65. Bg4+ Kd6 66.
h5 d3 67. Qd2 Nd5 68. Qxd3 Kc7 69. Qxd5 Qh6 70. Qxc5+ Kb8 71. Qxe5+ Ka8 72.
Qa5+ Kb8 73. Qxb4+ Ka8 74. Bf3 Qb6 75. e5+ Ka7 76. Qxb6+ Kxb6 1-0

[Event "Forcing Moves First Summer-2 op"]
[Site "Mississauga CAN"]
[Date "2023.08.27"]
[Round "4.11"]
[White "Deshpande, Sarthak"]
[Black "Cheng, Adam"]
[Result "1-0"]
[WhiteElo "1788"]
[BlackElo "1526"]
[PlyCount "109"]
[EventDate "2023.08.26"]
[EventType "swiss"]
[EventRounds "5"]
[EventCountry "CAN"]

1. d4 Nf6 2. c4 g6 3. Nc3 Bg7 4. e4 d6 5. Be2 O-O 6. Be3 Nbd7 7. g4 c5 8. d5 a6
9. h4 b5 10. g5 Ne8 11. cxb5 axb5 12. Bxb5 Qa5 13. Nge2 Rb8 14. Bxd7 Bxd7 15.
Qd2 Bg4 16. Rc1 Nc7 17. Rg1 Bh5 18. f4 Qb4 19. Ng3 Bg4 20. b3 e6 21. dxe6 Nxe6
22. Nd5 Qb7 23. Rc4 Nd4 24. Bxd4 Bxd4 25. Rxd4 cxd4 26. Nf6+ Kh8 27. Qxd4 Qb4+
28. Qxb4 Rxb4 29. Nxg4 Re8 30. Nf6 Rc8 31. Kd2 Rb5 32. Rc1 Rbc5 33. Rxc5 dxc5
34. Kc3 Kg7 35. a4 h6 36. Kc4 hxg5 37. fxg5 Kf8 38. a5 Ke7 39. Ne2 Kd6 40. Nc3
Kc6 41. Na4 Ra8 42. Nxc5 Rxa5 43. b4 Ra1 44. b5+ Kb6 45. Nfd7+ Kc7 46. Kd5 Rd1+
47. Ke5 Ra1 48. b6+ Kc6 49. b7 Rf1 50. b8=Q f6+ 51. Ke6 Rb1 52. Qxb1 fxg5 53.
hxg5 Kc7 54. Qb6+ Kc8 55. Qb8# 1-0

[Event "Forcing Moves First Summer-2 op"]
[Site "Mississauga CAN"]
[Date "2023.08.27"]
[Round "5.1"]
[White "Ruchinskaya, Valerie"]
[Black "Trofimov-Malyshkin, Valentyn"]
[Result "1-0"]
[WhiteElo "2167"]
[BlackElo "2006"]
[PlyCount "208"]
[EventDate "2023.08.26"]
[EventType "swiss"]
[EventRounds "5"]
[EventCountry "CAN"]

1. d4 d5 2. c4 e6 3. Nc3 Nf6 4. cxd5 exd5 5. Bg5 Be7 6. e3 c6 7. Bd3 O-O 8.
Nge2 h6 9. Bh4 Nh5 10. Bxe7 Qxe7 11. O-O b5 12. Nc1 Nf6 13. Nb3 a5 14. Rc1 b4
15. Na4 Ba6 16. Nbc5 Bxd3 17. Qxd3 Ra7 18. Rc2 Re8 19. Rfc1 Qd6 20. Qf5 Qd8 21.
Nd3 Re6 22. Nac5 Rd6 23. Ne5 Qe8 24. a3 Qd8 25. Ncd3 Qb6 26. axb4 axb4 27. Nc5
Ne8 28. b3 g6 29. Qd3 Nc7 30. Qd2 Nca6 31. Ned3 Rd8 32. Nxa6 Rxa6 33. Qxb4 Qxb4
34. Nxb4 Rb6 35. Nxc6 Nxc6 36. Rxc6 Rxb3 37. g3 Kg7 38. Rc7 Rd6 39. R1c6 Rf6
40. Kg2 Rb2 41. Rxf6 Kxf6 42. g4 Rd2 43. Rd7 Ke6 44. Rd8 Ra2 45. Rh8 Kf6 46.
Rxh6 Kg5 47. Rh7 Ra7 48. Kf3 Rb7 49. h4+ Kf6 50. Rh8 Rd7 51. Rg8 Rd6 52. Kf4
Ra6 53. Rd8 Ke6 54. h5 gxh5 55. gxh5 Ra1 56. h6 Rh1 57. Rh8 Kf6 58. f3 Rh4+ 59.
Kg3 Rh1 60. Rd8 Ke6 61. Ra8 Kf5 62. Ra7 Rxh6 63. Rxf7+ Ke6 64. Ra7 Rh1 65. Kg4
Kd6 66. Ra6+ Ke7 67. Kf4 Rh4+ 68. Kg3 Rh1 69. Ra5 Ke6 70. e4 dxe4 71. fxe4 Rd1
72. Ra6+ Ke7 73. d5 Rf1 74. Ra3 Kd6 75. Rf3 Rh1 76. Kf4 Rh4+ 77. Ke3 Rh1 78.
Kd4 Rd1+ 79. Rd3 Re1 80. Rd2 Ra1 81. e5+ Kd7 82. Rc2 Rd1+ 83. Kc5 Ra1 84. Rc4
Ra2 85. e6+ Ke7 86. Rb4 Rc2+ 87. Kd4 Rd2+ 88. Ke5 Re2+ 89. Re4 Rd2 90. Ra4 Re2+
91. Kd4 Rd2+ 92. Ke4 Re2+ 93. Kd3 Re1 94. Ra7+ Kd6 95. Rd7+ Kc5 96. e7 Rd1+ 97.
Ke2 Rxd5 98. Rxd5+ Kxd5 99. e8=Q Kd6 100. Kd3 Kd5 101. Qh5+ Kd6 102. Kd4 Ke6
103. Qg6+ Kd7 104. Qf7+ Kc8 1-0

[Event "Forcing Moves First Summer-2 op"]
[Site "Mississauga CAN"]
[Date "2023.08.27"]
[Round "5.2"]
[White "Kim, Noah"]
[Black "Lakhani, Riyaan"]
[Result "1-0"]
[WhiteElo "2103"]
[BlackElo "1877"]
[PlyCount "120"]
[EventDate "2023.08.26"]
[EventType "swiss"]
[EventRounds "5"]
[EventCountry "CAN"]

1. e4 g6 2. d4 Bg7 3. Nf3 d6 4. c4 Nc6 5. d5 Nb8 6. Nc3 Nf6 7. Be2 O-O 8. Be3
e6 9. Nd2 exd5 10. cxd5 c6 11. O-O cxd5 12. exd5 Nbd7 13. Rc1 Nb6 14. Bf3 Bf5
15. a4 Rc8 16. Qe2 Re8 17. a5 Na8 18. a6 bxa6 19. Qxa6 Nc7 20. Qa3 Bd3 21. Rfd1
a6 22. Bf4 Bf8 23. Nb3 Nb5 24. Nxb5 Rxc1 25. Rxc1 Bxb5 26. Nd4 Qb6 27. Be3 Qb7
28. Qb3 Nd7 29. Nxb5 Qxb5 30. Qxb5 axb5 31. Be2 Rb8 32. Rc7 Nb6 33. Bxb6 Rxb6
34. b4 Rb8 35. g3 Kg7 36. Kg2 Kf6 37. f4 h6 38. h3 Bg7 39. Kf3 Bf8 40. g4 g5
41. Bd3 Kg7 42. Bf5 Kf6 43. Ra7 Be7 44. Bd7 Bd8 45. Bc6 Be7 46. Rd7 Rd8 47. Rb7
gxf4 48. Kxf4 Rg8 49. Rxb5 Rg5 50. Rb8 Re5 51. b5 Re1 52. b6 Kg7 53. b7 Bg5+
54. Kf3 Re3+ 55. Kf2 Rb3 56. Ra8 Rb2+ 57. Ke1 Rb1+ 58. Ke2 Rb2+ 59. Kd3 Rb3+
60. Kc2 Rb2+ 1-0

[Event "Forcing Moves First Summer-2 op"]
[Site "Mississauga CAN"]
[Date "2023.08.27"]
[Round "5.3"]
[White "Leliveld, Andrew"]
[Black "Nicholson, Devin"]
[Result "0-1"]
[WhiteElo "1658"]
[BlackElo "1655"]
[PlyCount "66"]
[EventDate "2023.08.26"]
[EventType "swiss"]
[EventRounds "5"]
[EventCountry "CAN"]

1. a3 Nf6 2. b4 d5 3. Bb2 Bf5 4. e3 Nbd7 5. Nf3 e6 6. c4 dxc4 7. Bxc4 Nb6 8.
Be2 Be7 9. O-O O-O 10. d4 a5 11. b5 a4 12. Nc3 Ne4 13. Nxe4 Bxe4 14. Nd2 Bg6
15. Bf3 Bd3 16. Re1 Bxb5 17. Bxb7 Rb8 18. Be4 Bf6 19. Rb1 Nc4 20. Nxc4 Bxc4 21.
Bxh7+ Kh8 22. Bc2 g6 23. Bxa4 Ba2 24. Qc2 Bxb1 25. Rxb1 Qd5 26. Rc1 c5 27. Bc3
cxd4 28. Bb4 d3 29. Qd2 Rfd8 30. Ba5 Rdc8 31. Bc7 Rb2 32. Qd1 d2 33. Rc6 Qxc6
0-1